Animals - Statistics

General Stats
  • This quiz has been taken 23 times
  • The average score is 68 of 250
Answer Stats
Answer % Correct
Elephant
93%
Wolf
87%
Bear
80%
Cow
80%
Deer
80%
Dog
80%
Horse
80%
Lion
80%
Pig
80%
Rat
80%
Tiger
80%
Ant
73%
Cat
73%
Fox
73%
Gorilla
73%
Whale
73%
Zebra
73%
Alligator
67%
Bee
67%
Chimpanzee
67%
Crocodile
67%
Hippo
67%
Leopard
67%
Mouse
67%
Polar Bear
67%
Rabbit
67%
Rhino
67%
Aardvark
60%
Bison
60%
Buffalo
60%
Donkey
60%
Frog
60%
Kangaroo
60%
Orangutan
60%
Sheep
60%
Turtle
60%
Wasp
60%
Anteater
53%
Cheetah
53%
Cobra
53%
Dolphin
53%
Goat
53%
Orca
53%
Otter
53%
Panther
53%
Penguin
53%
Raccoon
53%
Squirrel
53%
Tortoise
53%
Turkey
53%
Dingo
47%
Duck
47%
Eagle
47%
Hyena
47%
Lemur
47%
Moose
47%
Reindeer
47%
Seal
47%
Swan
47%
Alpaca
40%
Antelope
40%
Boar
40%
Clownfish
40%
Cougar
40%
Coyote
40%
Crab
40%
Elk
40%
Jackal
40%
Llama
40%
Octopus
40%
Ostrich
40%
Scorpion
40%
Skunk
40%
Toad
40%
Badger
33%
Bat
33%
Capybara
33%
Chipmunk
33%
Clam
33%
Falcon
33%
Fly
33%
Goose
33%
Hawk
33%
Iguana
33%
Opossum
33%
Red Panda
33%
Squid
33%
Wallaby
33%
Walrus
33%
Wombat
33%
Armadillo
27%
Axolotl
27%
Beaver
27%
Blue Jay
27%
Canary
27%
Cardinal
27%
Caribou
27%
Carp
27%
Cockroach
27%
Emu
27%
Goldfish
27%
Grasshopper
27%
Great White Shark
27%
Hamster
27%
Hedgehog
27%
Ibex
27%
Jellyfish
27%
Mole
27%
Muskox
27%
Narwhal
27%
Ocelot
27%
Okapi
27%
Salmon
27%
Sea Lion
27%
Starfish
27%
Swordfish
27%
Tasmanian Devil
27%
Toucan
27%
Warthog
27%
Anaconda
20%
Angler Fish
20%
Barracuda
20%
Bearded Dragon
20%
Beetle
20%
Caiman
20%
Condor
20%
Coral
20%
Ferret
20%
Gecko
20%
Groundhog
20%
Guinea Pig
20%
Kiwi
20%
Ladybug
20%
Lobster
20%
Lynx
20%
Macaw
20%
Meerkat
20%
Mink
20%
Oryx
20%
Oyster
20%
Pony
20%
Porcupine
20%
Possum
20%
Salamander
20%
Seahorse
20%
Sloth
20%
Snail
20%
Snow Leopard
20%
Termite
20%
Tuna
20%
Vicuña
20%
Weasel
20%
Worm
20%
Asp
13%
Beluga Whale
13%
Black Widow
13%
Caracal
13%
Centipede
13%
Finch
13%
Gopher
13%
Guanaco
13%
Manatee
13%
Manta Ray
13%
Marlin
13%
Mongoose
13%
Peacock
13%
Pigeon
13%
Prairie Dog
13%
Praying Mantis
13%
Pronghorn
13%
Python
13%
Quokka
13%
Seagull
13%
Skink
13%
Stingray
13%
Whale Shark
13%
Auk
7%
Barn Owl
7%
Betta Fish
7%
Blobfish
7%
Bobcat
7%
Bonobo
7%
Cassowary
7%
Chinchilla
7%
Coati
7%
Crawfish
7%
Cuttlefish
7%
Fennec Fox
7%
Giant Squid
7%
Gnat
7%
Hagfish
7%
Hornbill
7%
Ibis
7%
Kakapo
7%
Leech
7%
Naked Mole Rat
7%
Nautilus
7%
Oarfish
7%
Osprey
7%
Pheasant
7%
Piranha
7%
Puffin
7%
Quagga
7%
Slug
7%
Sunfish
7%
Vole
7%
Woodpecker
7%
African Wild Cat
0%
Albatross
0%
Anchovy
0%
Anole
0%
Aphid
0%
Barnacle
0%
Colossal Squid
0%
Cormorant
0%
Dugong
0%
Echidna
0%
Firefly
0%
Flea
0%
Flounder
0%
Gila Monster
0%
Great Horned Owl
0%
Hammerhead Shark
0%
Hermit Crab
0%
Koi
0%
Lungfish
0%
Macaque
0%
Magpie
0%
Marmot
0%
Millepede
0%
Minnow
0%
Painted Dog
0%
Peregrine Falcon
0%
Platypus
0%
Poison Dart Frog
0%
Pupfish
0%
Rhea
0%
Roadrunner
0%
Sandpiper
0%
Scarab
0%
Sea Lamprey
0%
Skua
0%
Stick Bug
0%
Stinkbug
0%
Water Moccasin
0%
Water Strider
0%
Wolverine
0%
Zebu
0%
Zorilla
0%
No matching quizzes found
Score Distribution
Percent of People with Each Score
Percentile by Number Answered
Your Score History
You have not taken this quiz